书目信息 |
| 题名: |
新闻英语语体与翻译研究
|
|
| 作者: | 陈明瑶 , 卢彩虹 著 | |
| 分册: | ||
| 出版信息: | 北京 国防工业出版社 2006 |
|
| 页数: | 235页 | |
| 开本: | 20cm | |
| 丛书名: | ||
| 单 册: | ||
| 中图分类: | H315 | |
| 科图分类: | ||
| 主题词: | 英语--新闻--语体--研究 | |
| 电子资源: | ||
| ISBN: | 7-118-04784-8 | |
| 000 | 00654nam0 2200217 45 | |
| 001 | 070730000097 | |
| 005 | 20071016111016.06 | |
| 010 | @a7-118-04784-8@dCNY18.00 | |
| 100 | @a20070718d2006 ekmy0chiy0120 ea | |
| 101 | 0 | @achi |
| 102 | @aCN@b110000 | |
| 105 | @ay z 000yy | |
| 200 | 1 | @a新闻英语语体与翻译研究@AXin Wen Ying Yu Yu Ti Yu Fan Yi Yan Jiu@f陈明瑶,卢彩虹著@FChen Ming Yao, Lu Cai Hong Zhu |
| 210 | @a北京@c国防工业出版社@d2006 | |
| 215 | @a235页@d20cm | |
| 606 | 0 | @a英语@x新闻@x语体@x研究 |
| 690 | @aH315@v4 | |
| 701 | 0 | @a陈明瑶@AChen Ming Yao@4著 |
| 701 | 0 | @a卢彩虹@ALu Cai Hong@4著 |
| 801 | 0 | @aCN@c20071016 |
| 905 | @dH315@eC510 | |
| 新闻英语语体与翻译研究/陈明瑶,卢彩虹著.-北京:国防工业出版社,2006 |
| 235页;20cm |
| ISBN 7-118-04784-8:CNY18.00 |
| ● |
| 相关链接 |
|
|
|
正题名:新闻英语语体与翻译研究
索取号:H315/C510
 
预约/预借
| 序号 | 登录号 | 条形码 | 馆藏地/架位号 | 状态 | 备注 |
| 1 | 650218 | 206502186 | 语言库209/209语言库 36排7列4层/ [索取号:H315/C510] | 在馆 | |
| 2 | 650219 | 206502195 | 语言库209/209语言库 36排7列4层/ [索取号:H315/C510] | 在馆 |